00355nam a22001457a 4500003000700000005001700007008004100024082002100065100001400086245002400100260003700124300000800161490002300169650001700192MPLRDC20220104143145.0210129b ||||| |||| 00| 0 eng d a857.9 WRA-15 v.1 a温瑞安 a少年铁手. 上c ab中国友谊出版公司c1993 b平 a四大名捕系列 a武侠小说